| 000 | 00593nam a2200217Ia 4500 | ||
|---|---|---|---|
| 003 | GCL | ||
| 008 | 140319s9999 xx 000 0 eng d | ||
| 040 |
_aGCL / _cGCL |
||
| 082 | 0 | 4 |
_a376.91724 _bH L |
| 100 | 1 | _aHERZ, BARBARE | |
| 245 | 1 | 0 |
_aLETTING GIRLS LEARN: PROMISING APPROACHES IN PRIMARY AND SECONDARY EDUCATION / _cHERZ, BARBARE |
| 700 | 1 | _aSUBBARAO, K | |
| 700 | 1 | _aHABIL, HASOOMA | |
| 700 | 1 | _aRANEY, LAURA | |
| 260 |
_a[S.N] : _bTHE WORLD BANK ، _c1991 |
||
| 300 | _a94 P | ||
| 650 | 0 | 4 | _aEDUCATION |
| 650 | 0 | 4 | _aWOMEN |
| 650 | 0 | 4 | _aDEVELOPING COUNTRIES |
| 942 |
_2ddc _cBK |
||
| 999 |
_c17208 _d17208 |
||